| 000 | 00461nam a22001577a 4500 | ||
|---|---|---|---|
| 022 | _a9789875442696 | ||
| 080 | _a340 T 286 | ||
| 245 | _aTesis, Ensayos y monografias Juridicas | ||
| 260 |
_aMar del Plata _bUniversidad nacional de Mar del Plata _c2008 |
||
| 300 | _a272 P. | ||
| 310 | _asemestral | ||
| 362 | _aV 1. Octubre 2008 | ||
| 650 |
_xestupefacientes _xtenencia _xlibertades individuales _xadopcion _xpobreza |
||
| 942 | _2cdu | ||
| 945 |
_acd _d2016-03-16 |
||
| 999 |
_c4267 _d234771 |
||